[Event "Open"]
[Site "Cappelle la Grande FRA"]
[Date "2003.02.24"]
[Round "3"]
[White "Palo,D"]
[Black "Aveline,P"]
[Result "1-0"]
[WhiteElo "2484"]
[BlackElo "2158"]
[EventDate "2003.02.22"]

1. d4 Nf6 2. Nf3 g6 3. c4 Bg7 4. g3 d6 5. Bg2 Nbd7 6. O-O O-O 7. Nc3 e5 8.
h3 c6 9. e4 Re8 10. Re1 exd4 11. Nxd4 Nb6 12. b3 d5 13. cxd5 Nfxd5 14. exd5
Rxe1+ 15. Qxe1 Bxd4 16. dxc6 bxc6 17. Be3 Bxe3 18. Qxe3 Nd5 19. Rd1 Be6 20.
Nxd5 cxd5 21. Bxd5 Bxd5 22. Qd4 a5 23. Qxd5 Qe8 24. Rd4 Qe1+ 25. Kg2 Re8
26. Rf4 Re6 27. Qd7 Re7 28. Qd8+ Re8 29. Qd5 Re6 30. Qd7 Re7 31. Qd8+ Re8
32. Qf6 Qe6 33. Qxe6 Rxe6 34. Ra4 Re5 35. f4 Rc5 36. h4 h6 37. Kf3 f5 38.
Rc4 Rd5 39. Ke3 Kf7 40. Rc7+ Ke6 41. Rc6+ Kf7 42. Ra6 Rc5 43. Kd4 1-0

[Event "Open"]
[Site "Cappelle la Grande FRA"]
[Date "2003.02.24"]
[Round "3"]
[White "Shaw,J"]
[Black "Grill,M"]
[Result "1-0"]
[WhiteElo "2470"]
[BlackElo "2143"]
[EventDate "2003.02.22"]

1. e4 e5 2. Nf3 Nc6 3. Bb5 a6 4. Bxc6 dxc6 5. O-O Bd6 6. d4 exd4 7. Qxd4 f6
8. Be3 Be6 9. Nbd2 Ne7 10. Rad1 Ng6 11. Nc4 Bxc4 12. Qxc4 Qe7 13. Rfe1
O-O-O 14. Bd4 Rhe8 15. Bc3 c5 16. b3 Qe6 17. Qxe6+ Rxe6 18. Nd2 Rde8 19. f3
Be5 20. Bxe5 Nxe5 21. Kf2 c4 22. Nxc4 Nxc4 23. bxc4 Rc6 24. Rd4 Rb6 25. c3
Rb2+ 26. Re2 Rxe2+ 27. Kxe2 c6 28. Ke3 Re5 29. f4 Ra5 30. Rd2 Ra4 31. e5
Rxc4 32. e6 f5 33. Rd4 Rxd4 34. Kxd4 b6 35. Ke5 Kc7 36. e7 1-0

[Event "Open"]
[Site "Cappelle la Grande FRA"]
[Date "2003.02.24"]
[Round "3"]
[White "Bobras,P"]
[Black "Fruteau,S"]
[Result "1-0"]
[WhiteElo "2441"]
[BlackElo "2115"]
[EventDate "2003.02.22"]

1. e4 e5 2. Nf3 Nc6 3. Nc3 Nf6 4. g3 g6 5. d4 d6 6. dxe5 Nxe5 7. Nxe5 dxe5
8. Qxd8+ Kxd8 9. Bg5 Be7 10. O-O-O+ Nd7 11. Bxe7+ Kxe7 12. Nd5+ Kd8 13. Bh3
Re8 14. Nf6 Re7 15. Rd2 1-0

[Event "Open"]
[Site "Cappelle la Grande FRA"]
[Date "2003.02.24"]
[Round "3"]
[White "Tournier,Math"]
[Black "Pilgaard,K"]
[Result "0-1"]
[WhiteElo "2119"]
[BlackElo "2437"]
[EventDate "2003.02.22"]

1. e4 e5 2. Nf3 Nc6 3. Bc4 Nf6 4. d3 Be7 5. c3 O-O 6. Nbd2 d6 7. Nf1 Na5 8.
Bb5 a6 9. Ba4 c5 10. Ng3 Be6 11. O-O h6 12. Bc2 Nc6 13. Re1 Qc7 14. Be3
Rfd8 15. d4 d5 16. exd5 Nxd5 17. Qd3 Nf6 18. Nh5 g6 19. Nxf6+ Bxf6 20. Qe2
cxd4 21. Bxh6 dxc3 22. bxc3 Re8 23. Ng5 Bd5 24. Rad1 Ne7 25. Ne4 Bg7 26.
Bg5 Qc6 27. h4 Bc4 28. Qf3 Nd5 29. h5 f5 30. hxg6 Qxg6 31. Bc1 Rf8 32. Ng5
e4 33. Qh3 Rae8 34. Bb3 Bxb3 35. axb3 Nxc3 36. Rd6 Rf6 37. Rd7 Rc6 38. Be3
Rf8 39. Qh4 Qh6 40. Qxh6 Bxh6 41. Bd4 Nb5 42. Ba1 Rc7 43. Rxc7 Nxc7 44. f4
Nd5 45. Be5 Re8 46. Rd1 Bxg5 47. Rxd5 Rd8 48. Rc5 Bh4 49. Rc7 Rd1+ 50. Kh2
e3 51. Rc8+ Kf7 52. Rc7+ Ke6 53. Rxb7 e2 54. Rb6+ Kd7 55. Bc3 Rd3 56. Rb7+
Kc6 0-1

[Event "Open"]
[Site "Cappelle la Grande FRA"]
[Date "2003.02.24"]
[Round "3"]
[White "Gajewski,G"]
[Black "Garrigues,G"]
[Result "1-0"]
[WhiteElo "2436"]
[BlackElo "2094"]
[EventDate "2003.02.22"]

1. e4 e5 2. Nf3 Nc6 3. Nc3 Nf6 4. g3 Bc5 5. Bg2 d6 6. d3 a6 7. O-O O-O 8.
h3 h6 9. Be3 Be6 10. d4 exd4 11. Nxd4 Bd7 12. Nxc6 Bxc6 13. Bxc5 dxc5 14.
e5 Bxg2 15. Kxg2 Nd7 16. f4 Re8 17. Rf3 f6 1-0

[Event "Open"]
[Site "Cappelle la Grande FRA"]
[Date "2003.02.24"]
[Round "3"]
[White "Depoorter,E"]
[Black "Jedynak,R"]
[Result "0-1"]
[WhiteElo "2095"]
[BlackElo "2432"]
[EventDate "2003.02.22"]

1. e4 e6 2. d3 d5 3. Qe2 Nf6 4. Nf3 Nc6 5. c3 a5 6. g3 dxe4 7. dxe4 e5 8.
Bg2 Bc5 9. O-O O-O 10. h3 b6 11. Rd1 Qe7 12. Bg5 Ba6 13. c4 Qe6 14. Bf1 Nd4
15. Nxd4 Bxd4 16. Na3 Nd7 17. Be3 Bxe3 18. Qxe3 Nc5 19. Kh2 Qe7 20. Rd2 Ne6
21. Nc2 c5 22. f4 exf4 23. gxf4 Qh4 24. Rf2 Rad8 25. f5 Nd4 26. Bd3 Rfe8
27. Rg1 Nxc2 28. Rxc2 Qf6 29. Rd2 g6 30. fxg6 hxg6 31. Rf2 Qe6 32. b3 Bb7
33. Rgf1 Qd6+ 0-1

[Event "Open"]
[Site "Cappelle la Grande FRA"]
[Date "2003.02.24"]
[Round "3"]
[White "Bagheri,A"]
[Black "Gautier,S"]
[Result "1-0"]
[WhiteElo "2431"]
[BlackElo "2093"]
[EventDate "2003.02.22"]

1. d4 Nf6 2. Nf3 g6 3. Bg5 Bg7 4. Nbd2 Nc6 5. e4 d5 6. e5 Ne4 7. Be3 f6 8.
exf6 Bxf6 9. c3 Bg4 10. Qb3 Nxd2 11. Nxd2 Qd7 12. h3 Bf5 13. g4 Be6 14. Bg2
O-O-O 15. O-O-O Kb8 16. f4 h5 17. f5 gxf5 18. g5 f4 19. Bxf4 Bxd4 20. cxd4
Nxd4 21. Qd3 Qc6+ 22. Nc4 dxc4 23. Qxd4 Rxd4 24. Bxc6 Rxf4 25. Bd5 Bxd5 26.
Rxd5 Rhf8 27. g6 c6 28. Rxh5 Rf1+ 29. Rxf1 Rxf1+ 30. Kd2 Rg1 31. Rh6 Kc7
32. h4 Kd7 33. h5 Ke6 34. Rh8 Rg5 35. Rf8 b5 36. h6 b4 37. h7 Rg2+ 38. Ke3
1-0

[Event "Open"]
[Site "Cappelle la Grande FRA"]
[Date "2003.02.24"]
[Round "3"]
[White "Efimenko,Z"]
[Black "Pedersen,O"]
[Result "1-0"]
[WhiteElo "2590"]
[BlackElo "2054"]
[EventDate "2003.02.22"]

1. e4 c5 2. Nf3 d6 3. d4 cxd4 4. Nxd4 Nf6 5. Nc3 e6 6. Be2 Be7 7. O-O O-O
8. Be3 a6 9. f4 Qc7 10. g4 b5 11. g5 Nfd7 12. a3 Nc6 13. f5 Nxd4 14. Qxd4
Bb7 15. Rf2 d5 16. exd5 Bc5 17. Qd2 Bxe3 18. Qxe3 exd5 19. Rd1 Qd6 20. Qd4
Nb6 21. Rd3 f6 22. g6 h6 23. Ne4 Qe5 24. Nc5 Qxd4 25. Rxd4 Rab8 26. Bf3
Rfd8 27. Rfd2 Nc4 28. Nxb7 Nxd2 29. Bxd5+ Rxd5 30. Rxd5 Ne4 31. Nd8 Kf8 32.
Rd7 Rc8 33. c3 Ng5 34. h4 Nf3+ 35. Kf2 Nxh4 36. Ne6+ Ke8 37. Rxg7 Nxf5 38.
Ra7 Ne7 39. g7 Kf7 40. Nd4 Kg6 41. Rxe7 1-0

[Event "Open"]
[Site "Cappelle la Grande FRA"]
[Date "2003.02.24"]
[Round "3"]
[White "Te Llalemand,R"]
[Black "Areshchenko,A"]
[Result "0-1"]
[WhiteElo "2283"]
[BlackElo "2566"]
[EventDate "2003.02.22"]

1. e4 c5 2. Nf3 d6 3. d4 cxd4 4. Qxd4 Nc6 5. Bb5 Bd7 6. Bxc6 Bxc6 7. Nc3
Nf6 8. Bg5 e6 9. O-O-O Be7 10. Rhe1 O-O 11. Qd2 Rc8 12. Nd4 a6 13. f3 b5
14. Nxc6 Rxc6 15. h4 Qc7 16. Ne2 Rc8 17. Nd4 Rc4 18. Re2 h6 19. Be3 d5 20.
e5 Nd7 21. Kb1 Nxe5 22. Bf4 Bd6 23. Bxh6 gxh6 24. Qxh6 Bf8 25. Qg5+ Bg7 26.
h5 Kh7 27. Qe3 Qc5 28. f4 Ng4 29. Qd3+ Kh8 30. Nb3 Qc7 31. f5 Qf4 32. fxe6
Nf2 33. Qxd5 Nxd1 34. e7 Re8 35. h6 Nc3+ 36. bxc3 Qf1+ 37. Nc1 Bxh6 0-1

[Event "Open"]
[Site "Cappelle la Grande FRA"]
[Date "2003.02.24"]
[Round "3"]
[White "Lalic,B"]
[Black "Scetinin,A"]
[Result "1-0"]
[WhiteElo "2547"]
[BlackElo "2283"]
[EventDate "2003.02.22"]

1. d4 Nf6 2. c4 c5 3. d5 b5 4. cxb5 a6 5. bxa6 Bxa6 6. Nc3 g6 7. Nf3 Bg7 8.
g3 O-O 9. Bg2 d6 10. O-O Nbd7 11. Qc2 Qa5 12. Rd1 Rfd8 13. Rb1 Ng4 14. Bd2
Nge5 15. Nxe5 Nxe5 16. b3 Qa3 17. Bc1 Qa5 18. Bb2 c4 19. Ba1 cxb3 20. axb3
Rdc8 21. Qd2 Bb5 22. Nxb5 Qxb5 23. Bd4 Nd7 24. Bxg7 Kxg7 25. Qe3 Kf8 26.
Bh3 Re8 27. Bxd7 Qxd7 28. b4 Qb5 29. Qh6+ Kg8 30. Rd4 Qxe2 31. Rh4 e5 32.
dxe6 Qxe6 33. Qxh7+ Kf8 34. Qh8+ Ke7 35. Qd4 Kd7 36. b5 Qe5 37. Qc4 Ra1 38.
Qc6+ Kd8 39. Rxa1 Qxa1+ 40. Kg2 Re1 41. Qxd6+ Ke8 42. Rh8+ 1-0

[Event "Open"]
[Site "Cappelle la Grande FRA"]
[Date "2003.02.24"]
[Round "4"]
[White "Vysochin,S"]
[Black "Jakubowski,K"]
[Result "1-0"]
[WhiteElo "2554"]
[BlackElo "2473"]
[EventDate "2003.02.22"]

1. e4 e5 2. Nf3 Nc6 3. Bb5 a6 4. Bxc6 dxc6 5. O-O Qd6 6. Na3 Be6 7. Qe2
O-O-O 8. Nc4 Bxc4 9. Qxc4 f6 10. d3 Ne7 11. b4 Kb8 12. Be3 Nc8 13. Bc5 Qd7
14. a4 Bd6 15. Rfb1 Rhe8 16. Be3 Qe6 17. Qc3 Na7 18. Nd2 b6 19. a5 Kb7 20.
axb6 Nb5 21. Qb2 cxb6 22. c4 Nd4 23. Bxd4 exd4 24. c5 Bf4 25. cxb6 Bxd2 26.
Qxd2 Qd6 27. Ra5 Ra8 28. Qa2 Qe6 29. Qa4 Qc8 30. Ra1 Kxb6 31. Qc2 Kb7 32.
Qc4 Qe6 33. Qxd4 Red8 34. Qc3 Qd6 35. R5a3 Qd4 36. Qc2 Rd7 37. Rc1 Qb6 38.
Rc3 Rc8 39. Rc4 Rd6 40. h3 Rc7 41. Qc3 Re7 42. Rc5 Re8 43. Qb3 Red8 44.
R1c3 R8d7 45. Qc2 Re6 46. R3c4 Red6 47. d4 Rxd4 48. Rxc6 Rd1+ 49. Kh2 Qd8
50. Qa4 Qb8+ 51. g3 Qa7 52. Qc2 Qb8 53. Qa2 Qa7 54. b5 a5 55. b6 1-0

[Event "Open"]
[Site "Cappelle la Grande FRA"]
[Date "2003.02.24"]
[Round "4"]
[White "Rozentalis,E"]
[Black "Palo,D"]
[Result "1-0"]
[WhiteElo "2585"]
[BlackElo "2484"]
[EventDate "2003.02.22"]

1. e4 c6 2. d4 d5 3. Nc3 dxe4 4. Nxe4 Bf5 5. Ng3 Bg6 6. N1e2 e6 7. Nf4 Bd6
8. h4 Bxf4 9. Bxf4 h6 10. h5 Bh7 11. c3 Nf6 12. Bd3 Bxd3 13. Qxd3 Ng8 14.
Qd1 Nf6 15. Qd3 Nbd7 16. O-O-O O-O 17. Kb1 Qa5 18. f3 Rfd8 19. Ne4 Nxh5 20.
Bg5 Ndf6 21. Bxf6 Nxf6 22. Nxf6+ gxf6 23. Rxh6 Qg5 24. Rdh1 Kf8 25. Qc4 a5
26. R1h5 Qxg2 27. Qc5+ Ke8 28. Rxf6 Qg7 29. Qe5 Kd7 30. Rxe6 Qxe5 31. Rexe5
a4 32. Rhf5 Rf8 33. Kc2 f6 34. Re4 Rae8 35. c4 Re6 36. d5 Rd6 37. dxc6+
Kxc6 38. Ref4 b6 39. Kc3 a3 40. b3 Kd7 41. Kb4 Ke7 42. Kxa3 Ra8+ 43. Kb2
Rad8 44. Kc3 Rd3+ 45. Kb4 R8d6 46. Kb5 Rd2 47. a4 Ke8 48. c5 bxc5 1-0

[Event "Open"]
[Site "Cappelle la Grande FRA"]
[Date "2003.02.24"]
[Round "4"]
[White "Fercec,N"]
[Black "Chernyshov,K"]
[Result "0-1"]
[WhiteElo "2484"]
[BlackElo "2561"]
[EventDate "2003.02.22"]

1. e4 e6 2. d4 d5 3. Nc3 dxe4 4. Nxe4 Bd7 5. Nf3 Bc6 6. Bd3 Nd7 7. O-O Ngf6
8. Qe2 Bxe4 9. Bxe4 Nxe4 10. Qxe4 c6 11. c4 Nf6 12. Qe2 Be7 13. b3 O-O 14.
Bb2 Qa5 15. Qd1 Qd8 16. Qe2 Nd7 17. Qe4 Nf6 18. Qe2 Qa5 19. Ne5 Ba3 20.
Rad1 Bxb2 21. Qxb2 Rad8 22. Rd3 Nd7 23. Nf3 Rfe8 24. Re3 Nf8 25. Rfe1 Ng6
26. Qc2 Re7 27. h4 Red7 28. Re4 Ne7 29. Re5 Qb4 30. R1e4 Ng6 31. Rg5 Nf8
32. Reg4 f5 33. Rg3 h6 34. Rh5 Rxd4 35. Rxh6 Rg4 36. Rh5 Rxg3 37. fxg3 Qc5+
38. Kh2 Qe3 39. Qb2 Nh7 40. Qa3 Nf6 41. Rg5 Rd7 42. Kh3 Ng4 43. Qb2 0-1

[Event "Open"]
[Site "Cappelle la Grande FRA"]
[Date "2003.02.24"]
[Round "4"]
[White "Efimov,I"]
[Black "Timoshenko,G"]
[Result "1/2-1/2"]
[WhiteElo "2480"]
[BlackElo "2539"]
[EventDate "2003.02.22"]

1. d4 d5 2. c4 c6 3. e3 Nf6 4. Nc3 g6 5. Nf3 Bg7 6. Be2 O-O 7. O-O a6 8. b3
dxc4 9. bxc4 c5 10. a3 cxd4 11. exd4 b6 12. Be3 Bb7 13. Rb1 Nbd7 1/2-1/2

[Event "Open"]
[Site "Cappelle la Grande FRA"]
[Date "2003.02.24"]
[Round "4"]
[White "Hasangatin,R"]
[Black "Bagheri,A"]
[Result "1-0"]
[WhiteElo "2523"]
[BlackElo "2431"]
[EventDate "2003.02.22"]

1. d4 Nf6 2. Nc3 d5 3. Bg5 g6 4. Bxf6 exf6 5. e3 c6 6. Bd3 f5 7. Nf3 Nd7 8.
O-O Nf6 9. Ne2 Bd6 10. c4 O-O 11. Qc2 Re8 12. c5 Bc7 13. b4 Ne4 14. a4 g5
15. Ne1 f4 16. f3 Nf6 17. exf4 gxf4 18. Nc3 Kh8 19. Bf5 Nh5 20. Bxc8 Rxc8
21. Qf5 Ng7 22. Qd3 Re6 23. Nd1 Qh4 24. Nf2 Rh6 25. Nh3 Rg8 26. Kh1 Bd8 27.
Ra2 Ne6 28. Re2 Qf6 29. Nc2 Rh5 30. b5 Qh6 31. bxc6 bxc6 32. Nb4 Ng5 33.
Re5 Bf6 34. Nxc6 Bxe5 35. Nxe5 Rg7 36. Ng4 Qc6 37. Nxf4 Rh4 38. Qf5 Ne6 39.
Nxe6 Qxe6 40. Qxe6 fxe6 41. g3 Rh5 42. Rb1 Rc7 43. Nf6 Rf5 1-0

[Event "Open"]
[Site "Cappelle la Grande FRA"]
[Date "2003.02.24"]
[Round "4"]
[White "Pilgaard,K"]
[Black "Totsky,L"]
[Result "1/2-1/2"]
[WhiteElo "2437"]
[BlackElo "2511"]
[EventDate "2003.02.22"]

1. e4 e6 2. d4 d5 3. Nc3 Bb4 4. exd5 exd5 5. Bd3 Nc6 6. a3 Ba5 7. Nge2 Nge7
8. O-O Bf5 9. Ng3 Bxd3 10. Qxd3 O-O 11. Nce2 Qd7 12. c3 Nd8 1/2-1/2

[Event "Open"]
[Site "Cappelle la Grande FRA"]
[Date "2003.02.24"]
[Round "4"]
[White "Grabarczyk,M"]
[Black "McNab,C"]
[Result "1/2-1/2"]
[WhiteElo "2506"]
[BlackElo "2423"]
[EventDate "2003.02.22"]

1. d4 d6 2. Nf3 g6 3. g3 Bg7 4. Bg2 Nf6 5. O-O O-O 6. c4 c6 7. Nc3 Qa5 8.
e4 Bg4 9. h3 Bxf3 10. Bxf3 Nbd7 11. Qb3 c5 12. d5 a6 13. a4 b5 14. cxb5
axb5 15. Nxb5 Rfb8 16. Ra3 Qb4 17. Qc2 1/2-1/2

[Event "Open"]
[Site "Cappelle la Grande FRA"]
[Date "2003.02.24"]
[Round "4"]
[White "Balcerak,J"]
[Black "Atalik,S"]
[Result "1/2-1/2"]
[WhiteElo "2411"]
[BlackElo "2581"]
[EventDate "2003.02.22"]

1. e4 e6 2. d4 d5 3. Nc3 Nf6 4. Bg5 dxe4 5. Nxe4 Be7 6. Bxf6 Bxf6 7. Nf3
Nd7 8. Qd2 b6 9. Bb5 O-O 10. Bc6 Rb8 11. O-O-O Bb7 12. Bxb7 Rxb7 13. d5 Nc5
14. Nxf6+ Qxf6 15. Rhe1 Rd8 16. Qe3 Rbb8 17. dxe6 Nxe6 18. Ne5 Rxd1+ 19.
Rxd1 Re8 20. g3 a5 21. f4 Nc5 22. Qf3 Qe6 23. Qd5 Qxd5 24. Rxd5 f6 25. Nd3
Nxd3+ 26. Rxd3 Re2 27. Rd2 Re1+ 28. Rd1 Rxd1+ 29. Kxd1 Kf7 30. Ke2 Ke6 31.
c4 Kd6 32. Kd3 Kc5 33. Kc3 c6 34. b3 b5 35. a3 b4+ 36. axb4+ axb4+ 37. Kd3
f5 38. Ke3 Kd6 39. Kd4 c5+ 40. Ke3 Ke6 41. Kf3 Kf6 1/2-1/2

[Event "Open"]
[Site "Cappelle la Grande FRA"]
[Date "2003.02.24"]
[Round "4"]
[White "Areshchenko,A"]
[Black "Holmsten,A"]
[Result "1-0"]
[WhiteElo "2566"]
[BlackElo "2404"]
[EventDate "2003.02.22"]

1. e4 c5 2. Nf3 Nc6 3. d4 cxd4 4. Nxd4 Nf6 5. Nc3 e5 6. Ndb5 d6 7. Bg5 a6
8. Na3 b5 9. Bxf6 gxf6 10. Nd5 Bg7 11. c3 f5 12. exf5 Bxf5 13. Nc2 O-O 14.
Nce3 Be6 15. Bd3 f5 16. O-O Ra7 17. a4 b4 18. cxb4 f4 19. Qh5 Bh8 20. Bf5
Rxf5 21. Nxf5 Bxd5 22. Rfd1 Nxb4 23. Rac1 Bf6 24. Nxd6 Qxd6 25. Rc8+ Kg7
26. Qg4+ Kh6 27. Rc3 Bg5 28. Qf5 Qg6 29. Qf8+ Qg7 30. Rh3+ Kg6 31. Qxb4 Be6
32. Qb6 Re7 33. Qxa6 Kf7 34. Rc3 e4 35. Qd6 Bf6 36. Qxf4 Qg6 37. Rd8 1-0

[Event "Open"]
[Site "Cappelle la Grande FRA"]
[Date "2003.02.24"]
[Round "4"]
[White "Ramirez,Al"]
[Black "Lalic,B"]
[Result "1/2-1/2"]
[WhiteElo "2413"]
[BlackElo "2547"]
[EventDate "2003.02.22"]

1. e4 c5 2. Nf3 d6 3. d4 cxd4 4. Nxd4 Nf6 5. Nc3 a6 6. Be2 e5 7. Nb3 Be7 8.
O-O O-O 9. Kh1 b6 10. f4 Bb7 11. Bf3 Nbd7 12. a4 Rc8 13. Qe1 Re8 14. f5 d5
15. Nxd5 Bxd5 16. exd5 Rxc2 17. Qd1 Qc7 18. Be2 Ne4 19. Rb1 Qc8 20. Be3 Rc7
21. Qd3 Nd6 22. Rbc1 b5 23. axb5 axb5 24. Na5 e4 25. Qd2 Rxc1 26. Rxc1 Qa8
27. Nc6 Bf8 28. g4 Ne5 29. Nxe5 Rxe5 30. Rd1 h6 31. Qd4 Re8 32. h3 Qa2 33.
Bf4 Rc8 34. f6 Qb3 35. Kg2 Rc2 36. Rd2 Nc4 37. Rxc2 Qxc2 38. Kf1 Bc5 39.
Qc3 Qb1+ 40. Qc1 Qxc1+ 1/2-1/2

[Event "Open"]
[Site "Cappelle la Grande FRA"]
[Date "2003.02.24"]
[Round "4"]
[White "Foisor,C"]
[Black "Hernandez,Gi"]
[Result "1/2-1/2"]
[WhiteElo "2403"]
[BlackElo "2542"]
[EventDate "2003.02.22"]

1. Nf3 g6 2. g3 Bg7 3. d4 Nf6 4. Bg2 O-O 5. O-O d6 6. c4 a6 7. Nc3 Nc6 8.
Re1 Rb8 9. Rb1 Bd7 10. b4 e5 11. d5 Nd4 12. Nd2 h5 13. e3 Nf5 14. c5 Re8
15. a4 c6 16. dxc6 Bxc6 17. e4 Nd4 18. cxd6 Qxd6 19. Nc4 Qc7 20. Ne3 Rbc8
21. Bd2 Qd6 22. Rb2 Bd7 23. h3 Be6 24. Ncd5 Nxd5 25. exd5 Bd7 26. Ra2 f5
27. Nf1 Rf8 28. Bc1 b5 29. axb5 Bxb5 30. Bb2 Qxb4 31. Ba3 Qc4 32. Bxf8 Qxa2
33. Bxg7 Ne2+ 34. Rxe2 Bxe2 35. Qe1 Kxg7 36. Nd2 Qb2 37. Qxe2 Rc2 38. Qxa6
Rxd2 39. Qa7+ Kf6 40. Qa6+ Kg7 41. Qa7+ Kf6 42. Qa6+ Kg5 43. Qd6 e4 44.
Bxe4 Qa1+ 45. Kg2 Qd4 46. h4+ Kh6 47. Qf8+ Kh7 48. Qe7+ Qg7 49. Qg5 Ra2 50.
Bxf5 Qf7 51. Qxh5+ Kg7 52. Qxg6+ Qxg6 53. Bxg6 Kxg6 54. g4 Rd2 55. Kg3 Rxd5
56. h5+ Kf6 57. f4 Rd3+ 58. Kg2 Ra3 59. Kf2 Ke6 60. Kg2 Kd5 61. h6 Ke4 62.
g5 Kf5 63. Kf2 Rb3 64. Kg2 Rb4 65. Kg3 Ra4 66. Kh3 1/2-1/2

[Event "Open"]
[Site "Cappelle la Grande FRA"]
[Date "2003.02.24"]
[Round "4"]
[White "Heberla,B"]
[Black "Rausis,I"]
[Result "1-0"]
[WhiteElo "2389"]
[BlackElo "2537"]
[EventDate "2003.02.22"]

1. e4 d5 2. exd5 Qxd5 3. Nf3 Nf6 4. d4 Bg4 5. Be2 e6 6. O-O Be7 7. c4 Qd8
8. Nc3 O-O 9. Be3 Nc6 10. a3 Qd7 11. Ne5 Bxe2 12. Qxe2 Qc8 13. f4 a5 14.
Qf3 Ra6 15. Rad1 Nd7 16. Nxd7 Qxd7 17. d5 exd5 18. Nxd5 Qc8 19. b4 axb4 20.
axb4 Bxb4 21. Nxb4 Nxb4 22. Bc5 Nc6 23. Bxf8 Qxf8 24. Kh1 Ra4 25. Qd5 g6
26. f5 gxf5 27. Rxf5 Ne7 28. Rg5+ Ng6 29. h4 c6 30. Qf5 Rxc4 31. h5 Qe7 32.
Rg3 Rh4+ 33. Kg1 Qc7 34. hxg6 hxg6 35. Rxg6+ fxg6 36. Qxg6+ 1-0

[Event "Open"]
[Site "Cappelle la Grande FRA"]
[Date "2003.02.24"]
[Round "4"]
[White "Skytte,R"]
[Black "Vorobiov,E"]
[Result "0-1"]
[WhiteElo "2402"]
[BlackElo "2541"]
[EventDate "2003.02.22"]

1. e4 c5 2. c3 d6 3. d4 Nf6 4. Bd3 g6 5. Nf3 Bg7 6. h3 O-O 7. O-O d5 8.
exd5 cxd4 9. cxd4 Nxd5 10. Nc3 Nc6 11. Be3 Nxe3 12. fxe3 e6 13. Rc1 Bd7 14.
Qe2 Qa5 15. a3 Rad8 16. Ne4 Bc8 17. Rc5 Qb6 18. Rfc1 f5 19. Ned2 Qxb2 20.
Rb1 Qxa3 21. Nc4 Qa4 22. Qb2 Ne7 23. Ra1 Qe8 24. Rxa7 Nc6 25. Rxb7 Bxb7 26.
Qxb7 Ne7 27. Rc7 Bf6 28. Nce5 Rb8 29. Qa7 Ra8 30. Qb7 Rb8 31. Qa7 Nd5 32.
Rxh7 Ra8 33. Qb7 Rb8 34. Qa7 Ne7 35. Rh6 Bg7 36. Rh4 Nc6 37. Qc5 Nxe5 38.
Nxe5 g5 0-1

[Event "Open"]
[Site "Cappelle la Grande FRA"]
[Date "2003.02.24"]
[Round "4"]
[White "Houska,Jo"]
[Black "Iljushin,A"]
[Result "0-1"]
[WhiteElo "2386"]
[BlackElo "2537"]
[EventDate "2003.02.22"]

1. e4 e6 2. d4 d5 3. e5 c5 4. c3 Qb6 5. Nf3 Nc6 6. a3 c4 7. Nbd2 Na5 8. Be2
Bd7 9. Qc2 h6 10. Rb1 Ne7 11. O-O O-O-O 12. b3 cxb3 13. Nxb3 Ba4 14. Nfd2
Nec6 15. Qa2 Nxb3 16. Nxb3 Qc7 17. Be3 Bxb3 18. Qxb3 Kb8 19. c4 Na5 20. Qa4
Nxc4 21. Rfc1 Qd7 22. Qb3 Rc8 23. Bxc4 dxc4 24. Rxc4 Rxc4 25. Qxc4 Be7 26.
h3 Rc8 27. Qd3 Bf8 28. Rb5 Bxa3 29. d5 Bc1 30. Bc5 exd5 31. Ra5 b6 32. Bd6+
Ka8 33. Rxd5 g6 34. Qf3 Qb7 35. g3 Bb2 36. Kh2 a6 37. Qd3 Ka7 38. Qb3 Bc3
39. Rd3 Ba1 40. Rf3 Rc1 41. Qxf7 Re1 42. Qf8 a5 43. e6 Bd4 44. e7 Qc6 45.
Qf7 Ka6 46. Ba3 Bxf2 47. e8=Q Bxg3+ 48. Kxg3 Rxe8 49. Bc5 Re6 50. Be3 g5
51. Qf5 Re4 52. Qf8 a4 53. Kf2 Rc4 54. Kg3 Qc7+ 55. Kg2 Qc6 56. Kg3 Rc3 0-1

[Event "Open"]
[Site "Cappelle la Grande FRA"]
[Date "2003.02.24"]
[Round "4"]
[White "Kovchan,A"]
[Black "Kernazhitsky,L"]
[Result "1-0"]
[WhiteElo "2536"]
[BlackElo "2374"]
[EventDate "2003.02.22"]

1. e4 c5 2. Nf3 Nc6 3. d4 cxd4 4. Nxd4 e5 5. Nb5 d6 6. a4 Be7 7. N1c3 a6 8.
Na3 Be6 9. Bc4 Nf6 10. Bg5 O-O 11. Bxf6 Bxf6 12. O-O Rc8 13. Nd5 Bg5 14. c3
Ne7 15. Qb3 Bxd5 16. Bxd5 Nxd5 17. Qxd5 Qc7 18. Rfd1 Rfd8 19. Rd3 Qc6 20.
Qxc6 Rxc6 21. Rad1 g6 22. b3 Be7 23. Nc4 Rdc8 24. Ne3 Kg7 25. Nd5 Re8 26.
g3 f5 27. f3 Kf7 28. Kg2 Ke6 29. Nb4 Rb6 30. Rd5 Ra8 31. Ra1 Bd8 32. a5 Rb5
33. Kf2 Rxd5 34. Nxd5 fxe4 35. fxe4 Rc8 36. Ke2 Be7 37. Rf1 Rg8 38. b4 Bd8
39. Kd3 h5 40. c4 h4 41. g4 h3 42. b5 Bg5 43. Nc7+ Ke7 44. bxa6 bxa6 45.
Nxa6 Bf4 46. Nb4 Kd7 47. Nd5 Rh8 48. Rb1 Kc8 49. Ne7+ Kc7 50. a6 Ra8 51.
Rb7+ Kd8 52. a7 Bxh2 53. Nc6+ 1-0

[Event "Open"]
[Site "Cappelle la Grande FRA"]
[Date "2003.02.24"]
[Round "4"]
[White "Danielian,E"]
[Black "Jakubiec,A"]
[Result "1/2-1/2"]
[WhiteElo "2384"]
[BlackElo "2532"]
[EventDate "2003.02.22"]

1. Nf3 f5 2. g3 Nf6 3. Bg2 d6 4. O-O e5 5. d3 g6 6. c4 Bg7 7. Nc3 O-O 8.
Rb1 Nh5 9. Qc2 Nc6 10. b4 Nd4 11. Nxd4 exd4 12. Nd5 c6 13. Nf4 Nxf4 14.
Bxf4 g5 15. Bd2 f4 16. a4 Bg4 17. b5 Qd7 18. bxc6 bxc6 19. Rfe1 Rae8 20. a5
Qf7 21. gxf4 gxf4 22. Bxc6 Re5 23. f3 Be6 24. Rb5 Qc7 25. Rxe5 Bxe5 26. Ba4
Kh8 27. Kh1 Rg8 28. Qc1 Bh3 29. Rg1 Rxg1+ 30. Qxg1 Qb7 31. Qd1 Qg7 32. Qg1
1/2-1/2

[Event "Open"]
[Site "Cappelle la Grande FRA"]
[Date "2003.02.24"]
[Round "4"]
[White "Pushkov,N"]
[Black "Frois,A"]
[Result "1/2-1/2"]
[WhiteElo "2532"]
[BlackElo "2360"]
[EventDate "2003.02.22"]

1. d4 d5 2. Nf3 e6 3. c4 c5 4. e3 Nf6 5. Nc3 Nc6 6. a3 a6 7. cxd5 exd5 8.
Be2 Bd6 9. dxc5 Bxc5 10. b4 Ba7 11. Bb2 O-O 12. O-O Be6 13. Na4 Ne4 14. Rc1
Rc8 15. Nd4 Nxd4 16. Bxd4 Rxc1 17. Qxc1 Bxd4 18. exd4 Qf6 19. Qe3 Bd7 20.
Nc5 Nxc5 21. dxc5 Bc6 22. Qd2 d4 23. Bd3 Re8 24. Qc2 g6 25. a4 Qg5 26. f4
Qe7 27. h3 Qe3+ 28. Kh2 Be4 29. Bxe4 Rxe4 30. Rf3 Qe1 31. Qd3 h5 32. b5
axb5 33. axb5 Re3 34. Qxd4 Rxf3 35. gxf3 h4 36. Qd8+ Kh7 37. Qg5 Qe2+ 38.
Kg1 Qe1+ 39. Kh2 Qe2+ 40. Kg1 Qe1+ 41. Kg2 Qe2+ 42. Kh1 1/2-1/2

[Event "Open"]
[Site "Cappelle la Grande FRA"]
[Date "2003.02.24"]
[Round "4"]
[White "Morawietz,D"]
[Black "Nogueiras,J"]
[Result "1/2-1/2"]
[WhiteElo "2374"]
[BlackElo "2528"]
[EventDate "2003.02.22"]

1. e4 d6 2. d4 g6 3. Nf3 Nf6 4. Nc3 Bg7 5. Be2 O-O 6. O-O c6 7. h3 Nbd7 8.
e5 Ne8 9. Re1 dxe5 10. dxe5 Nc7 11. Bf4 Ne6 12. Bg3 Qa5 13. Bf1 Rd8 14. Qe2
Nb6 15. Qe4 c5 1/2-1/2

[Event "Open"]
[Site "Cappelle la Grande FRA"]
[Date "2003.02.24"]
[Round "4"]
[White "Zawadzki,S"]
[Black "Hebden,M"]
[Result "0-1"]
[WhiteElo "2363"]
[BlackElo "2515"]
[EventDate "2003.02.22"]

1. e4 e5 2. Nf3 Nc6 3. Bb5 a6 4. Ba4 Nf6 5. O-O Be7 6. Re1 b5 7. Bb3 O-O 8.
h3 Bb7 9. Nc3 Na5 10. d3 d6 11. Bd2 Kh8 12. Ne2 Nxb3 13. axb3 Ng8 14. Ng3
g6 15. c4 Bf6 16. Bc3 c5 17. Nf1 b4 18. Bd2 Bg7 19. Ne3 Ne7 20. Nd5 h6 21.
Nh2 f5 22. f3 Nc6 23. Be3 f4 24. Bf2 Bc8 25. Kf1 Bf6 26. Nxf6 Qxf6 27. Ke2
g5 28. Kd2 Ra7 29. Qe2 h5 30. Rh1 Rh7 31. Rag1 Rg8 32. Qd1 Rg6 33. Kc1 Kg8
34. Kb1 Qg7 35. Qf1 Qf6 36. Qd1 Kf8 37. Qf1 Ke8 38. Ka2 Bd7 39. g4 fxg3 40.
Rxg3 Qf4 41. h4 g4 42. Rhg1 Rhg7 43. fxg4 Bxg4 44. Qg2 Qd2 45. Be3 Qxg2 46.
R1xg2 Rf7 47. Kb1 Rgf6 48. Kc2 Be6 49. Kd1 Nd4 50. Rg8+ Kd7 51. Ra8 Bh3 52.
Rg3 Bg4+ 53. Nxg4 Rf1+ 54. Kd2 Nxb3+ 55. Ke2 hxg4 56. Rxg4 Nd4+ 57. Kd2 Nc6
58. Rxa6 Rh1 59. Kc2 Rh2+ 60. Kb3 Kc7 61. Rg6 Kb7 62. Ra1 Rf3 63. Re1 Rxe3
64. Rxe3 Nd4+ 65. Ka2 b3+ 66. Ka3 Rh1 0-1